Economic development and employment in Sikkim / (Record no. 39266)

MARC details
000 -LEADER
fixed length control field 00789nam a22002177a 4500
005 - DATE AND TIME OF LATEST TRANSACTION
control field 20100804144738.0
010 ## - LCCN (DPL NO)
LC control number ENG-98083
020 ## - INTERNATIONAL STANDARD BOOK NUMBER
International Standard Book Number 9788172735012
Terms of availability 350.00
035 ## - SYSTEM CONTROL NUMBER
System control number EN-81616
037 ## - SOURCE OF ACQUISITION
Source of stock number/acquisition DBAD/PUB
082 ## - DEWEY DECIMAL CLASSIFICATION NUMBER
Classification number 338.9
100 ## - MAIN ENTRY--PERSONAL NAME
Personal name Chakrabarti,Anjan
245 ## - TITLE STATEMENT
Title Economic development and employment in Sikkim /
Statement of responsibility, etc By Anjan Chakrabarti
260 ## - PUBLICATION, DISTRIBUTION, ETC. (IMPRINT)
Place of publication, distribution, etc New Delhi
Name of publisher, distributor, etc Authorspress
Date of publication, distribution, etc 2009
270 ## - ADDRESS
Address E-354/103, Jawahar Park
City New Delhi
Postal code 110092
300 ## - PHYSICAL DESCRIPTION
Extent xviii,113p
Dimensions 21cm(Hb)
500 ## - GENERAL NOTE
General note includes bibliographical references and index
650 ## - SUBJECT ADDED ENTRY--TOPICAL TERM
Topical term or geographic name as entry element Economic Growth
942 ## - ADDED ENTRY ELEMENTS (KOHA)
Source of classification or shelving scheme Dewey Decimal Classification
Item type English Books
Classification part 338.9
Call number suffix CHA
Holdings
Withdrawn status Lost status Not for loan Collection code Home library Current library Date acquired Source of acquisition Cost, normal purchase price Full call number Barcode Copy number Cost, replacement price Koha item type
    Not For Loan Non-fiction D.B.Act.Division D.B.Act.Division 04/08/2010 DBAD/PUB 350.00 338.9 CHA EN-81616 1 350.00 English Books

© Delhi Public Library
Hit Counter
free hit counter